000 00326nam a2200133Ia 4500
999 _c6086
_d6086
003 OSt
008 201107b ||||| |||| 00| 0 eng d
020 _a9780070634176.
100 _aWHITTEN,Jeffrey L.
245 _aSystems Analysis and Design Methods
260 _aN. delhi
_bTMH
_c2012
300 _a747
942 _2ddc
_cBK
_08